| 000 | 02030cam a2200505 i 4500 | ||
|---|---|---|---|
| 001 | 1761 | ||
| 003 | KOSZ 005 | ||
| 005 | 20250715135849.0 | ||
| 008 | 250715s1982 pl a f 001 0 pol | ||
| 015 | _aPB 1982/2638 | ||
| 020 | _a8320403774 | ||
| 035 | _a991011984409705066 | ||
| 035 | _a(PL-WaBN)b13250395-48omnis_nlop | ||
| 035 | _ab13250395 | ||
| 035 | _a(OCoLC)749575224 | ||
| 035 | _a(PL)b0000001325039 | ||
| 035 | _a(EXLNZ-48OMNIS_NETWORK)9910147115205606 | ||
| 040 |
_aWA N _cWA N _dKOSZ 005/EC _dKOSZ 005/HR _dKOSZ 005/RW |
||
| 046 | _k1982 | ||
| 080 | _a621.92 | ||
| 100 | 1 |
_aWoźniak, Kazimierz _c(inżynieria materiałowa) _eAutor |
|
| 245 | 1 | 0 |
_aMateriały ścierne : _bwytwarzanie i własności / _cKazimierz Woźniak ; [recenzent: doc. dr inż. Kazimierz Wieczorowski]. |
| 250 | _aWydanie I. | ||
| 260 |
_aWarszawa : _bWydawnictwa Naukowo-Techniczne, _c1982. |
||
| 300 |
_a351, [1] stron : _bilustracje, tabele, wykresy ; _c24 cm. |
||
| 336 |
_aTekst _btxt _2rdacontent |
||
| 337 |
_aBez urządenia pośredniczącego _bn _2rdamedia |
||
| 338 |
_aWolumin _bnc _2rdacarrier |
||
| 380 | _aKsiążki | ||
| 380 | _aPublikacje fachowe | ||
| 380 | _aPublikacje dydaktyczne | ||
| 385 |
_mPoziom nauczania _aSzkoły wyższe |
||
| 388 | 1 | _a1901-2000 | |
| 388 | 1 | _a1945-1989 | |
| 504 | _aBibliografia przy rozdziałach.. Indeks. | ||
| 521 | 8 | _aKsiążka jest przeznaczona dla inżynierów i techników zatrudnionych w przemyśle materiałów ściernych i w działach obróbki ściernej. Może również służyć jako książka pomocnicza dla studentów. | |
| 650 | 7 |
_aMateriały ścierne _2DBN |
|
| 655 | 7 | _aMateriały pomocnicze dla szkół wyższych | |
| 658 | _aInżynieria i technika | ||
| 700 | 1 |
_aWieczorowski, Kazimierz _d(1931-2010) _eRecenzja |
|
| 710 | 2 |
_aWydawnictwa Naukowo-Techniczne _4pbl |
|
| 856 |
_uhttp://koha.tu.koszalin.pl/cgi-bin/koha/opac-detail.pl?biblionumber=1761 _yKatalog online BPK |
||
| 942 |
_2UKD _cKS |
||
| 999 |
_c1761 _d1761 |
||